1227 1848 1935 1853 1472 1694 1791 1448 1537 1764 1810 1713 1727 1804 1531 1150 1978 1748 1953 1404 1259 1126 1090 1979 1020 1006 1865 1439 1208 1694 1434 1499 1843 1323 1847 1220 1826 1155 1922 1543 1876 1773 1269 1331 1455 1216 1869 1301 1961 1506 1351 1913 1072 1093 1202 1937 1185 1818 1923 1931 1174 1266 1862 1755 1191 1630 1987 1720 1611 1054 1449 1891 1701 1088 1859 1000 1166 1076 1835 1852 1092 1568 1024 1138 1100 1448 1184 1183 1047 1508 1290 1939 1777 1486 1847 1637 1820 1018 1493 BCNSPRNW ULIB Ver.6.0+V

เปลี่ยนเป็นภาษาไทย

Change to English
 แสดงรายละเอียดบรรณานุกรม
  กลับหน้าหลัก

Brief Record : Get Marc (ISO 2709) : E-mail record : QR code < ปิดหน้าต่าง
LEADER : 00000nam 2200000uu 4500
001    13399114980
003     ULIB
008    120626s2552||||th 000 0 tha d
020    ^a9789745764002
090    ^aนว.^bส174น
098    ^aนว.^bส174น
100 0  ^aสเตเฟนี่ เมเยอร์
245 00 ^aนวจันทรา (New Moon)/^cสเตเฟนี่ เมเยอร์
250    ^aพิมพ์ครั้งที่ 8
260    ^aกรุงเทพฯ :^bปราชญ์เปรียว,^c2552
300    ^a509 หน้า
710 1  ^aปราชญ์เปรียว
945    ^p335^l0^i16311
995    ^aกัณชพร
999    ^aใช้งานได้ทุกระบบ
รายการนี้ยังไม่มีแท็ก
คุณยังไม่ได้ล็อกอิน คุณสามารถมีกิจกรรมร่วมกับเว็บไซต์ได้ แต่ต้องล็อกอินก่อน ::
  ล็อกอิน

รายการสื่อสารสนเทศ

ลำดับที่ ประเภท เลขเรียก/บาร์โค้ด สถานที่ สถานะ
1. วิทยาศาสตร์การแพทย์ และสุขภาพ
วิทยาศาสตร์การแพทย์ และสุขภาพ
นว. ส174น  
  Barcode: 16311
ห้องสมุดวิทยาเขตสวรรค์ประชารักษ์
►นวนิยาย
บนชั้น
  ขอยืม

รายการใกล้เคียง
    ผู้แต่ง [สเตเฟนี่ เมเยอร์]

BibComment


ยังไม่เคยถูกคอมเมนท์

คอมเมนท์ทรัพยากรรายการนี้
  คอมเมนท์: นวจันทรา New Moo..


 Copyright 2026. Bcnsprnw @Library